Biomimetic Synthesis of Strontium-Containing Apatite and Its Peculiar Properties; Biogenic-Abiogenic Interactions in Natural and Anthropogenic Systems

Bibliografske podrobnosti
Parent link:Biogenic-Abiogenic Interactions in Natural and Anthropogenic Systems.— 2016.— [P. 517-529]
Glavni avtor: Izmaylov R. R. Rinat Rashidovich
Korporativna značnica: Национальный исследовательский Томский политехнический университет (ТПУ) Физико-технический институт (ФТИ) Кафедра иностранных языков физико-технического института (ИЯФТ)
Drugi avtorji: Golovanova O. A. Olga Aleksandrovna, Kuimova M. V. Marina Valerievna
Izvleček:Title screen
Режим доступа: по договору с организацией-держателем ресурса
Jezik:angleščina
Izdano: 2016
Teme:
Online dostop:http://dx.doi.org/10.1007/978-3-319-24987-2_39
Format: MixedMaterials Elektronski Book Chapter
KOHA link:https://koha.lib.tpu.ru/cgi-bin/koha/opac-detail.pl?biblionumber=654175

MARC

LEADER 00000naa0a2200000 4500
001 654175
005 20250311134404.0
035 |a (RuTPU)RU\TPU\network\19702 
035 |a RU\TPU\network\19436 
090 |a 654175 
100 |a 20170413d2016 k||y0rusy50 ba 
101 0 |a eng 
102 |a GB 
135 |a drcn ---uucaa 
181 0 |a i  
182 0 |a b 
200 1 |a Biomimetic Synthesis of Strontium-Containing Apatite and Its Peculiar Properties  |f R. R. Izmaylov, O. A. Golovanova, M. V. Kuimova 
203 |a Text  |c electronic 
300 |a Title screen 
333 |a Режим доступа: по договору с организацией-держателем ресурса 
463 |t Biogenic-Abiogenic Interactions in Natural and Anthropogenic Systems  |v [P. 517-529]  |d 2016 
610 1 |a электронный ресурс 
610 1 |a труды учёных ТПУ 
610 1 |a hydroxyapatite 
610 1 |a гидроксилапатиты 
610 1 |a брушит 
610 1 |a костные ткани 
610 1 |a кристаллиты 
700 1 |a Izmaylov  |b R. R.  |g Rinat Rashidovich 
701 1 |a Golovanova  |b O. A.  |g Olga Aleksandrovna 
701 1 |a Kuimova  |b M. V.  |c linguist  |c Head of the Department of Tomsk Polytechnic University, Candidate of pedagogical sciences  |f 1976-  |g Marina Valerievna  |3 (RuTPU)RU\TPU\pers\32753  |9 16631 
712 0 2 |a Национальный исследовательский Томский политехнический университет (ТПУ)  |b Физико-технический институт (ФТИ)  |b Кафедра иностранных языков физико-технического института (ИЯФТ)  |3 (RuTPU)RU\TPU\col\18736 
801 2 |a RU  |b 63413507  |c 20170413  |g RCR 
856 4 |u http://dx.doi.org/10.1007/978-3-319-24987-2_39 
942 |c CF